Т. 3: Из моей жизни. Поэзия и правда; Собрание сочинений

Detaylı Bibliyografya
Parent link:Собрание сочинений: в 10 т.: пер. с нем./ И. В. Гете. Т. 3: Из моей жизни. Поэзия и правда.— , 1975-
Diğer Yazarlar: Вильмонт Н.
Özet:Поэзия и правда" - знаменитая книга мемуаров Гете, над которой он работал значительнуючасть своей жизни (1810-1831). Повествование охватывает детские и юношеские годы поэта и доведено до 1775 года. Во многих отношениях "Поэзия и правда" - вершина реалистической прозы Гете. Произведение Гете не только знакомит нас с тем, как складывалась духовная личность самого писателя, но и ставит перед собой новаторскую тогда задачу - "обрисовать человека в его отношении к своему времени"
Dil:Rusça
Baskı/Yayın Bilgisi: 1976
Konular:
Materyal Türü: MixedMaterials Kitap
KOHA link:https://koha.lib.tpu.ru/cgi-bin/koha/opac-detail.pl?biblionumber=163432

MARC

LEADER 00000nam2a2200000 4500
001 163432
005 20231101222409.0
035 |a (RuTPU)RU\TPU\book\177327 
035 |a RU\TPU\book\177322 
090 |a 163432 
100 |a 20090818d1976 m y0rusy50 ca 
101 1 |a rus  |c ger 
102 |a RU 
105 |a a z 001ab 
200 0 |a Т. 3: Из моей жизни. Поэзия и правда  |f автор комментарий Н. Вильмонт 
210 |d 1976 
215 |a 718 с.  |c ил. 
320 |a Комментарии: с. 663-717 
330 |a Поэзия и правда" - знаменитая книга мемуаров Гете, над которой он работал значительнуючасть своей жизни (1810-1831). Повествование охватывает детские и юношеские годы поэта и доведено до 1775 года. Во многих отношениях "Поэзия и правда" - вершина реалистической прозы Гете. Произведение Гете не только знакомит нас с тем, как складывалась духовная личность самого писателя, но и ставит перед собой новаторскую тогда задачу - "обрисовать человека в его отношении к своему времени" 
461 1 |0 (RuTPU)RU\TPU\book\113292  |t Собрание сочинений  |o в 10 т.: пер. с нем.  |f И. В. Гете  |v Т. 3: Из моей жизни. Поэзия и правда  |d 1975- 
600 1 |a Гёте  |b И. В.  |c немецкий писатель  |f 1749-1832  |g Иоганн Вольфганг фон  |2 stltpush  |3 (RuTPU)RU\TPU\pers\1452  |9 641 
610 1 |a немецкая литература 
610 1 |a мемуары 
675 |a 83  |v 3 
702 1 |a Вильмонт  |b Н.  |4 210 
801 1 |a RU  |b 63413507  |c 20060314  |g PSBO 
801 2 |a RU  |b 63413507  |c 20170113  |g PSBO 
942 |c BK